| 000 | 00608cam a2200181 a 4500 | ||
|---|---|---|---|
| 001 | 000004742 | ||
| 005 | 20200929151508.0 | ||
| 008 | 740522s1966 sp 000 f spa | ||
| 040 | _aDO-SdBNP | ||
| 082 |
_a843.8. _bE65w |
||
| 100 | 1 |
_aErckmann-Chatrian. _q(Émile Erckmann, Alexandre Chatrian) _d1822-1899, 1826-1890 . _913787 |
|
| 245 | 1 | 0 |
_aWaterloo / _cErckmann-Chatrian. |
| 260 |
_aBarcelona : _bRamón Sopena, _c1966. |
||
| 300 |
_a244 p. ; _c18 cm. |
||
| 440 | 0 |
_aBiblioteca Sopena ; _vno. 37-1 _912815 |
|
| 700 | 1 |
_aErckmann, Émile _d1822-1899, _913788 |
|
| 700 | 1 |
_aChatrian, Alexandre, _d1826-1890, _913789 |
|
| 999 |
_c4548 _d4548 |
||